[Event "ch-Kyiv Men"]
[Site "Kyiv UKR"]
[Date "2008.01.25"]
[Round "5"]
[White "Zsiltzova Lisenko, L."]
[Black "Shumilov, I."]
[Result "0-1"]
[WhiteElo "2294"]
[BlackElo "2208"]
[PlyCount "154"]
[EventDate "2008.01.19"]
[Source "www.chesslib.no"]
[SourceDate "2004.05.04"]

1. e4 c5 2. Nf3 d6 3. d4 cxd4 4. Nxd4 Nf6 5. Nc3 g6 6. f4 Nbd7 7. e5 dxe5 8. fxe5 Nxe5 9. Bf4 Nfd7 10. Bb5 Bg7 11. Qe2 O-O 12. O-O-O a6 13. Ba4 b5 14. Bb3 e6 15. Kb1 Qb6 16. h4 h5 17. Bg5 Nc5 18. Ne4 Nxe4 19. Qxe4 Bb7 20. Qf4 Ng4 21. Be7 e5 22. Qf1 exd4 23. Bxf8 Rxf8 24. Qe2 Qc5 25. Rhf1 Bd5 26. Rf4 Bxb3 27. axb3 Qe5 28. Re4 Qc5 29. Rf1 a5 30. Re8 Ne5 31. Rxf8+ Kxf8 32. Qe4 Kg8 33. Rf4 Qc7 34. g3 Nc6 35. Qe8+ Bf8 36. Rf6 Nb4 37. c3 dxc3 38. bxc3 Nd5 39. Rc6 Qe7 40. Qxe7 Bxe7 41. c4 bxc4 42. bxc4 Nb4 43. Rc8+ Kg7 44. Ra8 Bd6 45. Rxa5 Bxg3 46. c5 Nd5 47. c6 Nc7 48. Ra4 f6 49. Rd4 g5 50. hxg5 fxg5 51. Kc2 h4 52. Kd3 Kf6 53. Ke2 Be5 54. Rd7 g4 55. Rh7 h3 56. Kf1 h2 57. Kg2 g3 58. Kh1 Ke6 59. Kg2 Kd6 60. Rh6+ Kd5 61. Rh5 Nb5 62. Kh1 Na7 63. c7 Ke6 64. Rh7 Bd6 65. Kg2 Kd5 66. Rg7 Kc6 67. Kh1 Bxc7 68. Kg2 Nb5 69. Kh1 Kd5 70. Kg2 Be5 71. Rg8 Nd4 72. Kh1 Ke4 73. Rg5 Bf4 74. Rg8 Nf5 75. Kg2 Ne3+ 76. Kh1 Nd1 77. Re8+ Be5 0-1

[Event "Tch-ISL, Reykjavik ISL"]
[Site "?"]
[Date "2000.??.??"]
[Round "2"]
[White "Sigurpalsson, R."]
[Black "Kjartansson, D."]
[Result "1/2-1/2"]
[WhiteElo "2245"]
[BlackElo "2255"]
[PlyCount "84"]
[EventDate "2000.??.??"]
[Source "www.chesslib.no"]
[SourceDate "2004.05.04"]

1. e4 c5 2. Nf3 d6 3. d4 cxd4 4. Nxd4 Nf6 5. Nc3 g6 6. f4 Nbd7 7. Bc4 Bg7 8. Qe2 O-O 9. Nf3 Nb6 10. Bb3 Bg4 11. O-O Nfd7 12. h3 Bxf3 13. Rxf3 Nc5 14. Bd2 Rc8 15. Raf1 Qd7 16. f5 Nxb3 17. axb3 Qc6 18. Kh1 d5 19. exd5 Nxd5 20. Nxd5 Qxd5 21. c4 Qe5 22. Qxe5 Bxe5 23. Re3 Bd6 24. Bc3 Rfd8 25. fxg6 hxg6 26. Re4 f6 27. Ra1 a6 28. b4 Kf7 29. c5 Bb8 30. Rf1 Rd5 31. Rh4 Kg7 32. Re4 Rc7 33. Rfe1 Kf7 34. Rh4 Kg7 35. Rhe4 e5 36. g4 g5 37. Rf1 Rcd7 38. Kg2 Rd3 39. Rf3 Rd1 40. Rc4 Rc7 41. Re4 Kg6 42. Re2 Rc6 1/2-1/2

[Event "Warsaw-ch"]
[Site "Warsaw"]
[Date "1998.05.30"]
[Round "8"]
[White "Warszawski, Bartosz"]
[Black "Deszczynski, Adam"]
[Result "1/2-1/2"]
[WhiteElo "2200"]
[BlackElo "2290"]
[PlyCount "47"]
[EventDate "1998.??.??"]
[Source "www.chesslib.no"]
[SourceDate "2004.05.04"]

1. e4 c5 2. Nf3 d6 3. d4 cxd4 4. Nxd4 Nf6 5. Nc3 g6 6. f4 Nbd7 7. Be2 Bg7 8. Be3 O-O 9. O-O a6 10. a4 Qc7 11. a5 b5 12. Nd5 Nxd5 13. exd5 Bb7 14. Nc6 Nf6 15. Bf3 e6 16. Bb6 Qd7 17. dxe6 fxe6 18. Nb4 Bxf3 19. Rxf3 e5 20. fxe5 dxe5 21. Qxd7 Nxd7 22. Rd3 Nxb6 23. axb6 Rfb8 24. Rxa6 1/2-1/2

[Event "Cullera-B"]
[Site "?"]
[Date "2003.07.23"]
[Round "9.4"]
[White "Durao Joaquim"]
[Black "Castella Garcia Fausto"]
[Result "0-1"]
[WhiteElo "2157"]
[BlackElo "2302"]
[PlyCount "72"]
[EventDate "2003.??.??"]
[Source "www.chesslib.no"]
[SourceDate "2004.05.04"]

1. e4 c5 2. Nf3 d6 3. d4 cxd4 4. Nxd4 Nf6 5. Nc3 g6 6. f4 Nbd7 7. Nf3 Bg7 8. e5 dxe5 9. fxe5 Ng4 10. e6 fxe6 11. Ng5 Bxc3+ 12. bxc3 Qa5 13. Qxg4 Qxc3+ 14. Kd1 Qxa1 15. Qxe6 Qd4+ 16. Bd2 Qa1+ 17. Bc1 Qf6 18. Bb5 Rf8 19. Rf1 Qxe6 20. Rxf8+ Kxf8 21. Nxe6+ Kf7 22. Nc7 Rb8 23. Bc4+ Kf6 24. Ne8+ Ke5 25. Bb2+ Ke4 26. Ke1 b5 27. Nc7 Nf6 28. Nxb5 Kf4 29. g3+ Kf3 30. Be5 Rb6 31. Bc7 Re6+ 32. Kd2 Kf2 33. Bb8 a6 34. Ba7+ Kg2 35. Nd4 Rd6 36. Bd3 Bf5 0-1

[Event "XI Festival"]
[Site "Voronezh RUS"]
[Date "2007.06.21"]
[Round "9"]
[White "Morozov, E."]
[Black "Neshkov, V."]
[Result "1-0"]
[WhiteElo "2277"]
[BlackElo "2161"]
[PlyCount "110"]
[EventDate "2007.06.12"]
[Source "www.chesslib.no"]
[SourceDate "2004.05.04"]

1. e4 c5 2. Nf3 d6 3. d4 cxd4 4. Nxd4 Nf6 5. Nc3 g6 6. f4 Nbd7 7. Be2 Bg7 8. O-O O-O 9. Kh1 a6 10. a4 Nc5 11. Bf3 Ne6 12. Nde2 Rb8 13. Be3 b5 14. axb5 axb5 15. Ba7 Bb7 16. Bxb8 Qxb8 17. Nd5 Re8 18. c3 Nc5 19. Nxf6+ Bxf6 20. Qc2 Rc8 21. Rfd1 b4 22. Nd4 bxc3 23. bxc3 e5 24. Nb5 Bxe4 25. Bxe4 Qxb5 26. Rxd6 Kg7 27. fxe5 Bxe5 28. Rd5 Qb8 29. Rb1 Qc7 30. c4 Bf6 31. Bf3 Ne6 32. Rbd1 Qf4 33. Qc1 Rxc4 34. Qxf4 Rxf4 35. Rd7 h5 36. Bd5 Ng5 37. g3 Rf2 38. h4 Nf3 39. Rxf7+ Kh6 40. Bxf3 Rxf3 41. Kg2 Rf5 42. Rdd7 g5 43. g4 Rf4 44. Rh7+ Kg6 45. gxh5+ Kf5 46. hxg5 Kxg5 47. Rd5+ Kg4 48. Rf7 Rf5 49. Rxf5 Kxf5 50. Kf3 Kg5 51. Ke4 Bd8 52. Rf5+ Kh6 53. Kf4 Be7 54. Kg4 Bd8 55. Rc5 Be7 1-0

[Event "Netanya-B"]
[Site "Netanya"]
[Date "1973.??.??"]
[Round "4"]
[White "Scheinwald, Chagai"]
[Black "Avner, Uri"]
[Result "0-1"]
[WhiteElo "2200"]
[BlackElo "2200"]
[PlyCount "110"]
[EventDate "1973.??.??"]
[Source "ChessBase"]

1. e4 c5 2. Nf3 d6 3. d4 cxd4 4. Nxd4 Nf6 5. Nc3 g6 6. f4 Nbd7 7. Be2 Bg7 8. Bf3 O-O 9. Nb3 a6 10. O-O Qb6+ 11. Kh1 e5 12. f5 Ne8 13. Bg5 f6 14. Bd2 Qd8 15. g4 g5 16. Rf2 b6 17. Bxg5 Bb7 18. Be3 Rc8 19. Rg2 Kh8 20. Qd2 Rc4 21. Rd1 Rf7 22. Nd5 Bf8 23. Qf2 b5 24. Qh4 Bxd5 25. Rxd5 Nc7 26. Rd1 d5 27. exd5 Ne8 28. c3 Nd6 29. Qh5 Qe7 30. Na5 Rc8 31. Nc6 Qe8 32. Re1 Nc4 33. Bh6 Nc5 34. Bxf8 Qxf8 35. Qh4 Nd3 36. Rb1 Nf4 37. Rc2 Re8 38. Re1 Qc5 39. b4 Qd6 40. Qg3 Rg8 41. Be4 h5 42. h3 Rh7 43. Kg1 Rgg7 44. Kf2 hxg4 45. hxg4 Rh3 46. Rh1 Rgh7 47. Rxh3 Rxh3 48. Qg1 Nxd5 49. Bxd5 Qxd5 50. Qg2 Qd3 51. Re2 Qxc3 52. Ne7 Kh7 53. g5 Qd4+ 54. Ke1 Qh4+ 55. Rf2 Re3+ 0-1

[Event "Nice ol (Men)"]
[Site "Nice FRA"]
[Date "1974.??.??"]
[Round "11"]
[White "Camaton, Carlos"]
[Black "Bloch, Nigel"]
[Result "0-1"]
[WhiteElo "2200"]
[BlackElo "2200"]
[PlyCount "70"]
[EventDate "1974.06.06"]
[Source "www.chesslib.no"]
[SourceDate "2004.05.04"]

1. e4 c5 2. Nf3 d6 3. d4 cxd4 4. Nxd4 Nf6 5. Nc3 g6 6. f4 Nbd7 7. Nb3 Bg7 8. Be2 O-O 9. g4 Nb6 10. Bf3 Be6 11. g5 Ne8 12. h4 d5 13. e5 f6 14. Nd4 Bc8 15. exf6 exf6 16. Kf2 Nc7 17. Kg2 Ne6 18. Nce2 fxg5 19. hxg5 Bxd4 20. Nxd4 Nxf4+ 21. Bxf4 Rxf4 22. Qd3 Qxg5+ 23. Kf2 Bg4 24. Rag1 Raf8 25. Rg3 Qf6 26. c3 Nc4 27. Kg2 Ne5 28. Qb5 Bxf3+ 29. Nxf3 Rxf3 30. Qxd5+ Kh8 31. Rxf3 Qxf3+ 32. Qxf3 Rxf3 33. Rd1 Rf5 34. Rd8+ Kg7 35. Rb8 Rf7 0-1

[Event "First Saturday IM-B - Giugno 2007"]
[Site "Budapest UNG"]
[Date "2007.06.10"]
[Round "9"]
[White "Ruszin, Anna"]
[Black "Farago, Sandor"]
[Result "0-1"]
[WhiteElo "2125"]
[BlackElo "2275"]
[PlyCount "82"]
[EventDate "2007.06.02"]
[Source "www.chesslib.no"]
[SourceDate "2004.05.04"]

1. e4 c5 2. Nf3 d6 3. d4 cxd4 4. Nxd4 Nf6 5. Nc3 g6 6. f4 Nbd7 7. Bb5 a6 8. Ba4 b5 9. Bb3 Bb7 10. Qe2 e5 11. Nf3 Bg7 12. O-O O-O 13. fxe5 dxe5 14. Bg5 Qb6+ 15. Kh1 b4 16. Nd5 Nxd5 17. exd5 Rae8 18. c4 e4 19. Ne1 Nc5 20. Be3 Qd6 21. Qf2 Rc8 22. Rd1 f5 23. g3 a5 24. Ng2 a4 25. Bxc5 Rxc5 26. Bxa4 Rxc4 27. Bb3 Rcc8 28. Nf4 Rfe8 29. Rfe1 Re5 30. Qd2 Rce8 31. Re3 g5 32. Ne6 Bh6 33. Qe2 f4 34. Qb5 Rb8 35. Ree1 e3 36. Kg1 Ba6 37. Qc6 Rxe6 38. dxe6 Qxc6 39. Rd8+ Kg7 40. Bd5 Qb6 41. Rd7+ Kg6 0-1

[Event "ol (Men)"]
[Site "Buenos Aires ol (Men)"]
[Date "1978.??.??"]
[Round "?"]
[White "Warsali, E."]
[Black "Larsen, Steen Skovlund"]
[Result "1/2-1/2"]
[WhiteElo "2200"]
[BlackElo "2200"]
[PlyCount "107"]
[EventDate "1978.??.??"]
[Source "www.chesslib.no"]
[SourceDate "2004.05.04"]

1. e4 c5 2. Nf3 d6 3. d4 cxd4 4. Nxd4 Nf6 5. Nc3 g6 6. f4 Nbd7 7. Be3 Bg7 8. Be2 O-O 9. O-O a6 10. a4 e5 11. Nb3 exf4 12. Bxf4 Ne5 13. a5 Qe7 14. Bg5 Be6 15. Nd5 Bxd5 16. exd5 h6 17. Bh4 Rac8 18. Ra4 Rfe8 19. Rb4 Rc7 20. Re1 Qd8 21. Bf2 Rce7 22. h3 Qc7 23. c3 Ned7 24. Bf3 Rxe1+ 25. Bxe1 Ne5 26. Be2 Nfd7 27. Bf2 Rb8 28. Qd2 Qd8 29. Ba7 Rc8 30. Rxb7 Nc4 31. Bxc4 Rxc4 32. Qe2 Qc8 33. Rxd7 Qxd7 34. Qxc4 Qxa7+ 35. Nd4 Bxd4+ 36. Qxd4 Qb7 37. Qb6 Qxd5 38. Qxa6 Qd2 39. Qb5 Qc1+ 40. Kf2 Qf4+ 41. Ke1 Qc1+ 42. Ke2 Qc2+ 43. Kf3 Qd1+ 44. Kg3 Qd2 45. Qe8+ Kg7 46. Qe4 Qg5+ 47. Kh2 Qxa5 48. Qd4+ Qe5+ 49. Qxe5+ dxe5 50. b4 Kf6 51. Kg3 Ke6 52. c4 Kd6 53. Kf3 f5 54. g3 1/2-1/2

[Event "Geneve op"]
[Site "Geneve"]
[Date "1996.??.??"]
[Round "5"]
[White "Petit, Rene"]
[Black "Mikavica, Mirko"]
[Result "0-1"]
[WhiteElo "2120"]
[BlackElo "2260"]
[PlyCount "151"]
[EventDate "1996.01.??"]
[Source "ChessBase"]

1. e4 c5 2. Nf3 d6 3. d4 cxd4 4. Nxd4 Nf6 5. Nc3 g6 6. f4 Nbd7 7. Nf3 Bg7 8. Bd3 O-O 9. O-O Qc7 10. Qe1 a6 11. Kh1 e6 12. Qh4 b5 13. e5 dxe5 14. fxe5 Nxe5 15. Nxe5 Qxe5 16. Bg5 Nd5 17. Rae1 Qd4 18. Re4 Qb6 19. Nxd5 exd5 20. Ref4 Be6 21. Bf6 Bxf6 22. Qxf6 Qd8 23. Qd4 f5 24. g4 Qf6 25. Qxf6 Rxf6 26. gxf5 Raf8 27. a4 Bd7 28. axb5 axb5 29. Rb4 Kg7 30. Kg2 gxf5 31. Rbf4 h5 32. b4 Kh6 33. Kf3 Re8 34. Kg2 Kg5 35. h4+ Kh6 36. Kf2 Re5 37. Re1 Rfe6 38. Rxe5 Rxe5 39. Kf3 Kg6 40. Rd4 Kf6 41. Kf4 Bc6 42. Kf3 Re1 43. Kf2 Re7 44. Be2 Ke5 45. c3 Be8 46. Bf3 Rd7 47. Ke3 Rd6 48. Be2 Rf6 49. Bf3 f4+ 50. Kf2 Bf7 51. Be2 Rc6 52. Rd3 Bg6 53. Rd2 Rxc3 54. Bxb5 Be4 55. Be8 Rh3 56. Bxh5 Rb3 57. Bd1 Rxb4 58. h5 Rc4 59. Ke1 Rc6 60. Rh2 Rh6 61. Kf2 Kf5 62. Bf3 Ke5 63. Rh1 Kf6 64. Rh4 Kg5 65. Rg4+ Kf5 66. Rh4 Ke5 67. Rh1 Rb6 68. Re1 Rb2+ 69. Re2 Rb3 70. Bg4 Rg3 71. Bd7 Rg7 72. Be8 f3 73. Re1 Rg2+ 74. Kf1 Kf4 75. Rd1 Rh2 76. Kg1 0-1

[Event "POL Ch U20 Open"]
[Site "Biala Podlaska"]
[Date "1994.??.??"]
[Round "6"]
[White "Protaziuk, Grzegorz"]
[Black "Lupkowski, Edward"]
[Result "1-0"]
[WhiteElo "2260"]
[BlackElo "2090"]
[PlyCount "88"]
[EventDate "1994.08.19"]
[Source "www.chesslib.no"]
[SourceDate "2004.05.04"]

1. e4 c5 2. Nf3 d6 3. d4 cxd4 4. Nxd4 Nf6 5. Nc3 g6 6. f4 Nbd7 7. Nb3 Bg7 8. Be3 O-O 9. Be2 a6 10. a4 b6 11. O-O Bb7 12. Bf3 Qc7 13. Qe1 Nc5 14. Nxc5 bxc5 15. Rd1 Rab8 16. Bc1 Nd7 17. Kh1 Nb6 18. b3 Bc6 19. Be2 Qb7 20. a5 Nc8 21. Bf3 c4 22. Bd2 cxb3 23. cxb3 Qc7 24. b4 Na7 25. Rc1 Qd7 26. Nd5 Bxd5 27. exd5 Rfc8 28. Qe4 Nb5 29. Be2 Qb7 30. Rc6 e6 31. Rfc1 Rxc6 32. dxc6 Qc7 33. Qd3 d5 34. h3 Rc8 35. Be3 Qd6 36. Bc5 Qxc6 37. Qd2 Nd4 38. Bd3 Nb3 39. Qd1 Nxc1 40. Qxc1 Bf8 41. Qf1 Bxc5 42. bxc5 Qxc5 43. Bxa6 Ra8 44. Kh2 Qxa5 1-0

[Event "AUT Ch"]
[Site "Austria"]
[Date "1996.??.??"]
[Round "2"]
[White "Stanka, Wolfgang"]
[Black "Eibersberger, Manfred"]
[Result "1-0"]
[WhiteElo "2220"]
[BlackElo "2125"]
[PlyCount "78"]
[EventDate "1996.??.??"]
[Source "www.chesslib.no"]
[SourceDate "2004.05.04"]

1. e4 c5 2. Nf3 d6 3. d4 cxd4 4. Nxd4 Nf6 5. Nc3 g6 6. f4 Nbd7 7. Bc4 Bg7 8. O-O O-O 9. Kh1 a6 10. Re1 Qc7 11. Be2 b5 12. Bf3 Bb7 13. f5 Ne5 14. Bg5 Rac8 15. Bxf6 Bxf6 16. Nce2 d5 17. exd5 Nxf3 18. gxf3 Bxd5 19. Qd2 Rfd8 20. c3 Bxf3+ 21. Kg1 Be5 22. Qh6 Ba8 23. Rf1 Qb7 24. Nf3 Rd3 25. fxg6 fxg6 26. Qh3 Qb6+ 27. Ned4 Bxd4+ 28. cxd4 Rf8 29. Rad1 Rxd1 30. Rxd1 Bxf3 31. Rd3 Be4 32. Rd2 Qf6 33. Re2 Qg5+ 34. Qg3 Qxg3+ 35. hxg3 Bd5 36. Rxe7 Bxa2 37. Ra7 Rf6 38. g4 g5 39. Kg2 Bd5+ 1-0

[Event "Ljubljana Open"]
[Site "Ljubljana"]
[Date "1994.??.??"]
[Round "?"]
[White "Ankerst, Mihael"]
[Black "Jazbinsek, Sebastjan"]
[Result "1-0"]
[WhiteElo "2285"]
[BlackElo "2055"]
[PlyCount "65"]
[EventDate "1994.06.??"]
[Source "www.chesslib.no"]
[SourceDate "2004.05.04"]

1. e4 c5 2. Nf3 d6 3. d4 cxd4 4. Nxd4 Nf6 5. Nc3 g6 6. f4 Nbd7 7. Be2 Bg7 8. Be3 O-O 9. O-O a6 10. Bf3 Qc7 11. g4 e5 12. Nde2 exf4 13. Nxf4 Ne5 14. Nfd5 Nxd5 15. Nxd5 Qd8 16. g5 Be6 17. Nf6+ Bxf6 18. gxf6 Qxf6 19. Bg2 Qh4 20. Qxd6 Qh5 21. Bd4 Nc6 22. Bf6 Rad8 23. Bxd8 Rxd8 24. Qf4 Nd4 25. Kh1 Nxc2 26. Rac1 Nb4 27. Rc7 Qe2 28. Qf6 Re8 29. Rxb7 Nd3 30. Rxf7 Qxf1+ 31. Qxf1 Bxf7 32. Qxd3 Rc8 33. Qxa6 1-0

[Event "Samobor (Croatia)"]
[Site "?"]
[Date "2003.??.??"]
[Round "2"]
[White "Sevo Igor"]
[Black "Barbaric Vuk Tadija"]
[Result "1-0"]
[WhiteElo "2193"]
[BlackElo "2146"]
[PlyCount "81"]
[EventDate "2003.??.??"]
[Source "www.chesslib.no"]
[SourceDate "2004.05.04"]

1. e4 c5 2. Nf3 d6 3. d4 cxd4 4. Nxd4 Nf6 5. Nc3 g6 6. f4 Nbd7 7. Be2 Bg7 8. Be3 O-O 9. O-O a6 10. a4 Qc7 11. a5 b5 12. axb6 Nxb6 13. Nb3 Nc4 14. Bxc4 Qxc4 15. Ra4 Qc7 16. Qd3 Bb7 17. h3 Rfd8 18. Rfa1 e5 19. Rb4 exf4 20. Bb6 Qe7 21. Bxd8 Rxd8 22. Na5 Ba8 23. Nd5 Qa7+ 24. Kh2 Nh5 25. Nc4 Qf2 26. Rf1 Qh4 27. Qf3 Bxd5 28. exd5 Be5 29. c3 Ng3 30. Rd1 Nf5 31. Nxe5 dxe5 32. d6 Rxd6 33. Rxd6 Nxd6 34. c4 Nf5 35. c5 Qe1 36. Qe4 Qg3+ 37. Kg1 f3 38. Rb8+ Kg7 39. Qxf3 Qe1+ 40. Qf1 Qe3+ 41. Qf2 1-0

[Event "Yerevan ol (Men)"]
[Site "Yerevan"]
[Date "1996.??.??"]
[Round "5"]
[White "Torres, Jose Arturo"]
[Black "Kassis, Antoine"]
[Result "1-0"]
[WhiteElo "2165"]
[BlackElo "2165"]
[PlyCount "99"]
[EventDate "1996.09.??"]
[Source "www.chesslib.no"]
[SourceDate "2004.05.04"]

1. e4 c5 2. Nf3 d6 3. d4 cxd4 4. Nxd4 Nf6 5. Nc3 g6 6. f4 Nbd7 7. Nf3 Bg7 8. Bc4 Qc7 9. Qe2 Nb6 10. Bb3 O-O 11. O-O Nfd7 12. f5 Nc5 13. fxg6 hxg6 14. Ng5 Nxb3 15. axb3 f6 16. Nf3 Bg4 17. Be3 e6 18. Qf2 Bxf3 19. Qxf3 a6 20. Qg3 Kf7 21. Rad1 Rad8 22. Rd3 Nc8 23. Kh1 Ne7 24. Rfd1 e5 25. Qf2 Rd7 26. Nd5 Nxd5 27. Rxd5 Rg8 28. c4 Bf8 29. Rf1 Bg7 30. Rfd1 Bf8 31. Qh4 Bg7 32. c5 Rgd8 33. Qg4 Qc6 34. h3 Qc7 35. R1d3 Qc6 36. Bg1 Qc7 37. Rg3 g5 38. Rgd3 Qc6 39. Qf5 Ke7 40. Qg6 Kf8 41. Qf5 Kf7 42. Be3 Ke7 43. cxd6+ Kf7 44. Rc5 Qb6 45. Rxe5 Qb4 46. Qe6+ Kf8 47. Red5 Qe1+ 48. Bg1 Qc1 49. Rc3 Qf1 50. Rc7 1-0

[Event "Ch Pfalz"]
[Site "Pfalz GER"]
[Date "1990.??.??"]
[Round "?"]
[White "Neurohr Juergen"]
[Black "Bokelbrink, Uwe"]
[Result "0-1"]
[WhiteElo "2015"]
[BlackElo "2275"]
[PlyCount "48"]
[EventDate "1990.??.??"]
[Source "www.chesslib.no"]
[SourceDate "2004.05.04"]

1. e4 c5 2. Nf3 d6 3. d4 cxd4 4. Nxd4 Nf6 5. Nc3 g6 6. f4 Nbd7 7. Be3 Bg7 8. Be2 O-O 9. Bf3 a6 10. Nb3 Qc7 11. g4 Nb6 12. Qe2 Be6 13. h4 Nc4 14. Bc1 Na3 15. Kf2 Rac8 16. h5 Qc4 17. Qd1 Nb5 18. f5 Nxc3 19. bxc3 Bd7 20. Re1 Qxc3 21. Re2 Bb5 22. Rd2 Bh6 23. Qh1 Nxe4+ 24. Bxe4 Qe3+ 0-1

[Event "EM/M/GT/A002"]
[Site "EM/M/GT/A002"]
[Date "1996.??.??"]
[Round "?"]
[White "Latumbo, Mario"]
[Black "Schutt, Raymond W"]
[Result "0-1"]
[WhiteElo "2205"]
[BlackElo "1965"]
[PlyCount "60"]
[EventDate "1996.??.??"]
[Source "www.chesslib.no"]
[SourceDate "2004.05.04"]

1. e4 c5 2. Nf3 d6 3. d4 cxd4 4. Nxd4 Nf6 5. Nc3 g6 6. f4 Nbd7 7. Bc4 Bg7 8. Be3 O-O 9. O-O Nc5 10. Qf3 Bg4 11. Qg3 Bh5 12. Bd3 Ng4 13. Nd5 e6 14. Nc3 Nxd3 15. cxd3 Qb6 16. e5 dxe5 17. Nf5 Nxe3 18. Nxe3 Qxb2 19. Ne4 Be2 20. Rfc1 exf4 21. Qxf4 Bxd3 22. Nc5 Qa3 23. Nd7 Bxa1 24. Rxa1 Rfc8 25. Nf6+ Kg7 26. Neg4 Qc5+ 27. Kh1 g5 28. Nh5+ Kf8 29. Qd2 Qd4 30. Ngf6 Qxa1+ 0-1

[Event "SVK-chT2C 9899"]
[Site "SVK"]
[Date "1998.??.??"]
[Round "2"]
[White "Gregor, Michal"]
[Black "Zuberec, Milan"]
[Result "1/2-1/2"]
[WhiteElo "1995"]
[BlackElo "2140"]
[PlyCount "126"]
[EventDate "1998.??.??"]
[Source "www.chesslib.no"]
[SourceDate "2004.05.04"]

1. e4 c5 2. Nf3 d6 3. d4 cxd4 4. Nxd4 Nf6 5. Nc3 g6 6. f4 Nbd7 7. Be2 Bg7 8. Be3 O-O 9. O-O a6 10. Bf3 Qc7 11. a4 Nb6 12. Bf2 Bd7 13. Qe2 Nc4 14. b3 Na5 15. Nd5 Qd8 16. Nxf6+ Bxf6 17. e5 Bg7 18. e6 Nc6 19. Rad1 Nxd4 20. exf7+ Rxf7 21. Bxd4 Bxd4+ 22. Rxd4 Qb6 23. Qf2 Raf8 24. Rc4 Qxf2+ 25. Rxf2 b5 26. Rc7 e6 27. a5 d5 28. Bg4 Kg7 29. Re2 Bc8 30. Rxf7+ Kxf7 31. c3 Bd7 32. Kf2 Rc8 33. Re3 b4 34. cxb4 Rb8 35. Be2 Bb5 36. Bg4 Bd7 37. Be2 Bc8 38. Rc3 Bd7 39. Bxa6 Rxb4 40. g3 Ke7 41. Be2 d4 42. Rc4 Rxb3 43. Rxd4 Ra3 44. a6 Ra2 45. Rb4 Bc6 46. Ke3 Kd6 47. Rb3 Bd5 48. Rc3 h6 49. h4 Ra1 50. g4 Rh1 51. Kd4 Ra1 52. Bd3 g5 53. hxg5 hxg5 54. fxg5 Ra4+ 55. Ke3 Rxg4 56. g6 e5 57. a7 e4 58. Be2 Rxg6 59. Rc8 Rg3+ 60. Kd4 Ra3 61. Rd8+ Ke6 62. Bg4+ Ke7 63. Rxd5 Rxa7 1/2-1/2

[Event "Europe (championnat jeunes)"]
[Site "?"]
[Date "2004.??.??"]
[Round "4.13"]
[White "Raisanen Kim"]
[Black "Pachta Paul"]
[Result "0-1"]
[WhiteElo "1978"]
[BlackElo "2150"]
[PlyCount "76"]
[EventDate "2004.??.??"]
[Source "www.chesslib.no"]
[SourceDate "2004.05.04"]

1. e4 c5 2. Nf3 d6 3. d4 cxd4 4. Nxd4 Nf6 5. Nc3 g6 6. f4 Nbd7 7. Bb5 a6 8. Bxd7+ Nxd7 9. Be3 Bg7 10. Qd2 O-O 11. O-O Nc5 12. Nb3 Bxc3 13. Qxc3 Nxe4 14. Qd4 Nf6 15. h3 b5 16. Bd2 Bf5 17. g4 Bxc2 18. Bc3 Rc8 19. Nd2 Rc5 20. Rac1 Rd5 21. Qe3 Bd3 22. Rfe1 e6 23. Red1 Bc4 24. g5 Rd3 25. Qf2 Nd5 26. Ne4 Nxc3 27. Nf6+ Qxf6 28. gxf6 Nxd1 29. Qh4 Ne3 30. b3 Nf5 31. Qe1 Rg3+ 32. Kf2 Bd5 33. Qa5 Rg2+ 34. Ke1 Bf3 35. Qb6 Re2+ 36. Kd1 Ne3+ 37. Qxe3 Rxe3+ 38. Kd2 Re2+ 0-1

[Event "Pamplona op"]
[Site "?"]
[Date "2001.12.30"]
[Round "4"]
[White "Martinez Martin Inigo"]
[Black "Saenz Narciso Miguel Angel"]
[Result "1/2-1/2"]
[WhiteElo "2207"]
[BlackElo "1914"]
[PlyCount "46"]
[EventDate "2001.??.??"]
[Source "www.chesslib.no"]
[SourceDate "2004.05.04"]

1. e4 c5 2. Nf3 d6 3. d4 cxd4 4. Nxd4 Nf6 5. Nc3 g6 6. f4 Nbd7 7. Be2 Bg7 8. Be3 O-O 9. h3 a6 10. g4 e5 11. Nf3 exf4 12. Bxf4 Re8 13. Qd2 Nxe4 14. Nxe4 Rxe4 15. c3 Qf6 16. Be3 Qe7 17. Kf2 Ne5 18. Bg5 f6 19. Nxe5 Qxe5 20. Be3 Qe8 21. Bf3 Re7 22. Rae1 Be6 23. a3 Rd8 1/2-1/2

[Event "13. S&WYM Rated"]
[Site "?"]
[Date "2003.07.16"]
[Round "9"]
[White "Kovalevskaya Svetlana"]
[Black "Hanley James L"]
[Result "1/2-1/2"]
[WhiteElo "2015"]
[BlackElo "2030"]
[PlyCount "68"]
[EventDate "2003.??.??"]
[Source "www.chesslib.no"]
[SourceDate "2004.05.04"]

1. e4 c5 2. Nf3 d6 3. d4 cxd4 4. Nxd4 Nf6 5. Nc3 g6 6. f4 Nbd7 7. Nf3 Bg7 8. e5 Ng4 9. exd6 Qb6 10. Qd2 Qxd6 11. Qxd6 Bxc3+ 12. Qd2 Bxd2+ 13. Bxd2 O-O 14. h3 Ngf6 15. O-O-O Ne4 16. Be3 Ng3 17. Rg1 Nxf1 18. Rgxf1 Nf6 19. Bc5 Re8 20. Rfe1 e6 21. Bd6 b5 22. Nd4 Bd7 23. g4 a6 24. Be5 Nd5 25. g5 Rec8 26. Kb1 a5 27. c3 b4 28. cxb4 Ba4 29. Rc1 Nxb4 30. Rxc8+ Rxc8 31. b3 Bd7 32. Re3 Nd5 33. Re1 Nb4 34. Re3 Nd5 1/2-1/2

[Event "Rochefort"]
[Site "?"]
[Date "2004.02.25"]
[Round "6.16"]
[White "Marsaud William"]
[Black "Galloux Maxime"]
[Result "0-1"]
[WhiteElo "2128"]
[BlackElo "1890"]
[PlyCount "94"]
[EventDate "2004.??.??"]
[Source "www.chesslib.no"]
[SourceDate "2004.05.04"]

1. e4 c5 2. Nf3 d6 3. d4 cxd4 4. Nxd4 Nf6 5. Nc3 g6 6. f4 Nbd7 7. Be3 Bg7 8. Be2 O-O 9. Qd2 a6 10. Bf3 Re8 11. O-O-O Qc7 12. g4 Nb6 13. Qg2 e5 14. Nb3 Be6 15. g5 Nfd7 16. f5 gxf5 17. exf5 Bxf5 18. Bxb6 Nxb6 19. Bxb7 Ra7 20. Bd5 Bg6 21. h4 h5 22. gxh6 Bxh6+ 23. Kb1 Kh8 24. h5 Bh7 25. Rhf1 f5 26. Na5 Qg7 27. Qf2 Nxd5 28. Rxd5 Rd7 29. Nc4 Re6 30. Ra5 e4 31. Rxa6 Rd8 32. Rg1 Qf6 33. Nd5 Qf7 34. Ra7 Rd7 35. Ra8+ Re8 36. Rxe8+ Qxe8 37. Nf6 Qe6 38. Nxd7 e3 39. Qe2 Qxd7 40. Nxe3 Qa7 41. Rg3 f4 42. Rf3 fxe3 43. Rf6 Bg7 44. Rxd6 Qb8 45. b3 Qxd6 46. Qxe3 Qd1+ 47. Qc1 Qd4 0-1

[Event "WYg16"]
[Site "Kemer TUR"]
[Date "2007.11.22"]
[Round "6"]
[White "Forgues, V."]
[Black "Newrkla, K."]
[Result "1/2-1/2"]
[WhiteElo "1963"]
[BlackElo "2037"]
[PlyCount "64"]
[EventDate "2007.11.18"]
[Source "www.chesslib.no"]
[SourceDate "2004.05.04"]

1. e4 c5 2. Nf3 d6 3. d4 cxd4 4. Nxd4 Nf6 5. Nc3 g6 6. f4 Nbd7 7. Nf3 Bg7 8. Bc4 O-O 9. O-O Nc5 10. Qe1 Be6 11. Bxe6 Nxe6 12. Be3 Ng4 13. Nd5 Nxe3 14. Qxe3 Qd7 15. c3 Rfc8 16. Rad1 Nc5 17. e5 Rd8 18. exd6 exd6 19. Qe7 Qxe7 20. Nxe7+ Kf8 21. Nd5 Rac8 22. Rfe1 Re8 23. Rxe8+ Rxe8 24. Kf1 f5 25. Nc7 Re4 26. g3 Ke7 27. Nb5 Ra4 28. a3 Ne4 29. Nbd4 Ra6 30. Re1 Kd7 31. Rc1 Rb6 32. Rc2 Bf6 1/2-1/2

[Event "Baston Blanco op"]
[Site "?"]
[Date "2001.10.06"]
[Round "1"]
[White "Gonzalez Diaz Eusebio"]
[Black "Pinero Prieto Victor"]
[Result "0-1"]
[WhiteElo "1870"]
[BlackElo "2114"]
[PlyCount "62"]
[EventDate "2001.??.??"]
[Source "www.chesslib.no"]
[SourceDate "2004.05.04"]

1. e4 c5 2. Nf3 d6 3. d4 cxd4 4. Nxd4 Nf6 5. Nc3 g6 6. f4 Nbd7 7. g4 h5 8. g5 Nh7 9. Nd5 e6 10. Nc3 a6 11. Bc4 b5 12. Bxb5 axb5 13. Ndxb5 Nc5 14. Qd4 Rg8 15. Be3 Ra6 16. Rd1 Bd7 17. Qb4 Qb6 18. f5 gxf5 19. exf5 Nxg5 20. Rf1 Bxb5 21. Qxb5+ Qxb5 22. Nxb5 Rxa2 23. Bxc5 Rxb2 24. Nxd6+ Bxd6 25. Bxd6 Rxc2 26. f6 Ne4 27. Be7 Rc8 28. Ra1 Rg2 29. Rh1 h4 30. Kf1 h3 31. Rg1 Nd2+ 0-1